Biathlon Einzelweltcup der Frauen 24/25 - Statistiken

Allgemein
  • Dieses Quiz wurde 40 mal gespielt
  • Das Durchschnittsergebnis liegt bei 11 aus 21
Antwortstatistiken
# Biathletin Punkte % Korrekt
2 Franziska Preuß 190
100%
1 Lou Jeanmonnot 221
97%
7 Elvira Öberg 106
87%
4 Hanna Öberg 122
87%
5 Julia Simon 120
87%
17 Justine Braisaz-Bouchet 56
81%
3 Oceane Michelon 146
77%
12 Lisa Theresa Hauser 72
74%
10 Jeanne Richard 87
61%
14 Anna Magnusson 62
58%
9 Suvi Minkkinen 90
58%
8 Amy Baserga 100
48%
6 Ella Halvarsson 109
48%
18 Elisa Gasparin 54
45%
19 Anna Gandler 51
35%
13 Natalia Sidorowicz 69
23%
15 Jessica Jislova 60
13%
16 Regina Ermits 58
13%
11 Anna-Karin Heijdenberg 82
10%
20 Johanna Skottheim 50
10%
21 Susan Külm 50
6%
Keine übereinstimmenden Quizze gefunden
Verteilung der Resultate
Anzahl Personen mit jedem Resultat
Perzentil nach korrekt beantworteten Fragen
Ihre Resultats-Entwicklung
Sie haben dieses Quiz noch nicht gespielt